[Event "IECC CL5-2002.10"]
[Site "IECC email"]
[Date "2002.05.20"]
[Round "?"]
[White "Boshell, Raybon"]
[Black "Soldini, Paolo"]
[Result "0-1"]
[WhiteElo "1484"]
[BlackElo "1555"]
[PlyCount "56"]
[EventDate "2002.??.??"]
[EventType "tourn (corr)"]
[EventRounds "4"]
[SourceTitle "Corr 2008"]
[Source "ChessBase"]
[SourceDate "2008.06.24"]
[SourceVersion "1"]
[SourceVersionDate "2008.06.24"]
[SourceQuality "1"]

1. Nf3 d5 2. c4 dxc4 3. Qa4+ Nc6 4. Qxc4 e5 5. g3 Be6 6. Qa4 Bd7 7. Bg2 Nd4 8. Qd1 Bc6 9. 0-0 Nxf3+ 10. Bxf3 Bxf3 11. exf3 Qf6 12. Qa4+ c6 13. Re1 Ne7 14. Nc3 Ng6 15. f4 0-0-0 16. Ne4 Qf5 17. Qxa7 exf4 18. d4 fxg3 19. fxg3 Qd5 20. Be3 Bb4 21. a3 Bd6 22. Nxd6+ Rxd6 23. Bd2 Qxd4+ 24. Qxd4 Rxd4 25. Bc3 Rd6 26. Bxg7 Rg8 27. Bc3 f5 28. Red1 Re6 0-1